LDR 00975nam a2200253 i 4500 001 000000069902 003 CaOOAMICUS 005 20260409142616.0 008 140910s1998 it u000 u ita u 013 $a41074 020 $a88-250-0662-4 040 $aSeMil$bita 245 10$a2: I quattro Vangeli :$bcommento sinottico. 250 $a6. ed. aggiornata, ampliata, completamente rifusa. 260 $aPadova :$bMessaggero,$c1998. 300 $a701 p. 773 0 $aPoppi, Angelico <1928-2017>$tSinossi dei quattro Vangeli.$dPadova : Messaggero, 1992.$g2$w()1500 850 $aSeMil 852 $aSeMil$W1$xVenegono$y1$m2VV III 18$j269971$B36055$CSeMilBibl$Z2$F36058 $81 961 $aAcquisto: Casa editrice 996 $6020$a88-250-0662-4$9(OLS)http://semarc/number/48556 996 $6245$a2: I quattro Vangeli :$bcommento sinottico$9(OLS)http://semarc/title/112073 996 $6260$aPadova :$bMessaggero$9(OLS)http://semarc/publisher/29786